000 01097nam a2200289 c 4500
003 BLK
005 20180420222242.0
008 180408b bul|||||r ||||||| ||bul||
010 _aKNG00056474000
040 _aBLK
041 _aBUL
_cBUL
080 _aБългарска литература
_b821.163.2
_x-1
_z821.163.2-1
100 1 _aСветлин, Димитър
_eпърви автор
_gСтоянов, Димитър Нинов
_9284525
700 1 _aСтоянов, Димитър Нинов
_e*
_9284526
139 _aСветлин, Димитър
_bС 25
245 1 0 _aДихание
_bЛирика
_cДимитър Светлин; * Димитър Нинов Стоянов.
257 _aBGR
260 София
_bБълг. писател
_c1976
300 _a79 с.
_c21 см
380 _aX
500 _aИстинското име на авт. е Димитър Нинов Стоянов. - 1 600 тир.
852 _aЦб 82024
856 4 _qpdf
_u
856 4 _qpdf
_u
942 _cKNG
_n0
944 _aCR
_c19.11.2016
_kПравда_Бадева
944 _aED
_c19.11.2016
_kПравда_Бадева
999 _c52550
_d52550